Disguised Book Titles Quiz Stats

 Plays Quiz not verified by Sporcle

Support Sporcle.
Go Orange.
Score 0/24 Timer 07:00
0 Plays Today
Diguised Title Actual Title % Correct
Peace Between PlanetsWar of the Worlds
75.9%
Nonsense and TastelessnessSense and Sensibility
70.4%
Hello LegsFarewell to Arms
61.1%
Twenty Thousand Feet Over Terra-FirmaTwenty Thousand Leagues Under the Sea
61.1%
Alighieri's RefrigeratorDante's Inferno
55.6%
An Easter YodelA Christmas Carol
51.9%
The Satiated ButterflyThe Very Hungry Caterpillar
44.4%
An Arthurian Knight on Capitol HillA Connecticut Yankee in King Arthur's Court
44.4%
The Infant and his Paddling PoolThe Old Man and the Sea
40.7%
Ten Decades of PartyingOne Hundred Years of Solitude
35.2%
Slave to the DodecahedronsLord of the Rings
25.9%
Resuscitation on the 10:15 to OrpingtonMurder on the Orient Express
25.9%
Diguised Title Actual Title % Correct
A Peninsula of Brick-a-BrackTreasure Island
24.1%
The Vicious DwarfThe BFG
22.2%
GumsJaws
22.2%
Juliet Stanley GuppyJonathan Livingston Seagull
18.5%
The Calming WineThe Grapes of Wrath
14.8%
The Man Who Shouts at CowsThe Horse Whisperer
14.8%
The Boy Who Ran With ScissorsThe Girl Who Played With Fire
14.8%
Lemuel Stays at HomeGulliver's Travels
13%
Last Place Again, DanielDanny, Champion of the World
9.3%
The Mundane Shrub in our LocalityThe Magic Faraway Tree
7.4%
The Transparency of NormalityThe Colour of Magic
5.6%
Cornish PubJamaica Inn
5.6%

You're not logged in!

Compare scores with friends on all Sporcle quizzes.
OR
Log In

From the Vault

Beer Consuming Countries

by Ben

For the sake of staying on theme, we'll just say this quiz is in honor of the more portly late model Elvis.
Remove Ads.
Support Sporcle.
Get the best of Sporcle when you Go Orange. This ad-free experience offers more features, more stats, and more fun while also helping to support Sporcle. Thank you for becoming a member.

Show Comments

Extras

Top Quizzes Today


Score Distribution

Your Account Isn't Verified!

In order to create a playlist on Sporcle, you need to verify the email address you used during registration. Go to your Sporcle Settings to finish the process.

Report this User

Report this user for behavior that violates our Community Guidelines.

Details: